| 000 | 01396nam a2200421 i 4500 | ||
|---|---|---|---|
| 001 | 52828 | ||
| 003 | KOSZ 005 | ||
| 005 | 20221228135011.0 | ||
| 008 | 071105s2007 pl a f f |001 0 pol | ||
| 015 | _aPB 2008/6272 | ||
| 020 |
_a9788320432527 _z9788320432529 |
||
| 040 |
_aWA N _cWA N _dKOSZ 005/HR |
||
| 046 | _k2007 | ||
| 080 | _a502.17 | ||
| 080 | _a502.13/.14 | ||
| 080 | _a504.5 | ||
| 080 | _a(075.8) | ||
| 100 | 1 |
_aGórzyński, Jan _d(1936- ) _eAutor |
|
| 245 | 1 | 0 |
_aPodstawy analizy środowiskowej wyrobów i obiektów / _cJan Górzyński. |
| 260 |
_aWarszawa : _bWydawnictwa Naukowo-Techniczne, _c2007. |
||
| 300 |
_a491 s. : _bil. ; _c24 cm. |
||
| 336 |
_2rdacontent _aTekst _btxt |
||
| 337 |
_2rdamedia _aBez urządzenia pośredniczącego _bn |
||
| 338 |
_2rdacarrier _aWolumin _bnc |
||
| 380 | _aKsiążki | ||
| 388 | _a2001- | ||
| 500 | _aNa s. red. błędny ISBN. | ||
| 504 | _aBibliogr. s. 462-474. Indeks. | ||
| 521 | 8 | _aPodręcznik akademicki. | |
| 650 | 4 | _aGospodarka | |
| 650 | 4 | _aŚrodowiskowa ocena cyklu życia | |
| 650 | 4 | _aWpływ na środowisko | |
| 655 | 4 | _aPodręczniki akademickie | |
| 658 | _aOchrona środowiska | ||
| 710 | 2 |
_aWydawnictwa Naukowo-Techniczne _4pbl. |
|
| 856 |
_uhttp://koha.tu.koszalin.pl/cgi-bin/koha/opac-detail.pl?biblionumber=52828 _yKatalog online BPK |
||
| 942 |
_2UKD _cKS |
||
| 999 |
_c52828 _d52828 |
||